000
00311nam a2200133Ia 4500
008
230917s9999||||xx |||||||||||||| ||und||
040
_e
96706
_a
MAIN
041
_a
English
082
_a
380 N286A
100
_a
Neetu Rani
245
0
_a
Attitudes of rural consumers towards tea
300
_a
80 p.
942
_c
TH
999
_c
88315
_d
88315